书目信息 |
| 题名: |
商务英语
|
|
| 作者: | 贺雪娟 主编 | |
| 分册: | ||
| 出版信息: | 北京 外语教学与研究出版社 2007.09 |
|
| 页数: | 126页 | |
| 开本: | 25cm | |
| 丛书名: | 高职高专行业英语系列教材 | |
| 单 册: | ||
| 中图分类: | H31 | |
| 科图分类: | ||
| 主题词: | 商务--shang wu--英语--高等学校--教材 | |
| 电子资源: | ||
| ISBN: | 978-7-5600-6720-9 | |
| 000 | 00964nam 2200265 450 | |
| 001 | 012008913343 | |
| 005 | 20080419095935.59 | |
| 010 | @a978-7-5600-6720-9@dCNY10.90 | |
| 100 | @a20080419d2007 em y0chiy0120 ea | |
| 101 | 0 | @achi@aeng |
| 102 | @aCN@b110000 | |
| 105 | @aa z 000yy | |
| 106 | @ar | |
| 200 | 1 | @a商务英语@Ashang wu ying yu@d= Business English@f贺雪娟主编@Fhe xue juan zhu bian@zeng |
| 210 | @a北京@c外语教学与研究出版社@d2007.09 | |
| 215 | @a126页@c图@d25cm | |
| 225 | 2 | @a高职高专行业英语系列教材@Agao zhi gao zhuan hang ye ying yu xi lie jiao cai |
| 330 | @a本书全面介绍了商务英语基础知识,结合实际案例,便于学生活学活用。并且选材广泛,时代性强,注重结合中国的商务现状。 | |
| 410 | 0 | @12001 @a高职高专行业英语系列教材 |
| 510 | 1 | @aBusiness English@zeng |
| 606 | 0 | @a商务@Ashang wu@x英语@x高等学校@j教材 |
| 690 | @aH31@v4 | |
| 701 | 0 | @a贺雪娟@Ahe xue juan@4主编 |
| 801 | 0 | @aCN@bQSSK@c20080419 |
| 905 | @b293696-98@dH31@eH321@f3 | |
| 商务英语= Business English/贺雪娟主编.-北京:外语教学与研究出版社,2007.09 |
| 126页:图;25cm.-(高职高专行业英语系列教材) |
| ISBN 978-7-5600-6720-9:CNY10.90 |
| 本书全面介绍了商务英语基础知识,结合实际案例,便于学生活学活用。并且选材广泛,时代性强,注重结合中国的商务现状。 |
| ● |
| 相关链接 |
|
|
|
正题名:商务英语
索取号:H31/H321
 
预约/预借
| 序号 | 登录号 | 条形码 | 馆藏地/架位号 | 状态 | 备注 |
| 1 | 293696 | 202936966 | 语言库209/209语言库 82排1列5层/ [索取号:H31/H321] | 在馆 | |
| 2 | 293697 | 202936975 | 语言库209/209语言库 82排1列5层/ [索取号:H31/H321] | 在馆 | |
| 3 | 293698 | 202936984 | 语言库209/209语言库 82排1列5层/ [索取号:H31/H321] | 在馆 |